Law of Copyright and Industrial Designs (Record no. 1312060)

MARC details
000 -LEADER
fixed length control field 00471nam a2200181Ia 4500
005 - DATE AND TIME OF LATEST TRANSACTION
control field 20250530171739.0
008 - FIXED-LENGTH DATA ELEMENTS--GENERAL INFORMATION
fixed length control field 008 250505s9999 xx 000 0 eng d
020 ## - INTERNATIONAL STANDARD BOOK NUMBER
International Standard Book Number 9788171773411
040 ## - CATALOGING SOURCE
Language of cataloging eng
Transcribing agency ILCL
041 ## - LANGUAGE CODE
Language code of text/sound track or separate title eng
Source of code eng
084 ## - COLON CLASSIFICATION NUMBER
Classification number Z2,2674 Q7
100 ## - MAIN ENTRY--PERSONAL NAME
Personal name Narayanan, P
245 #0 - TITLE STATEMENT
Title Law of Copyright and Industrial Designs
250 ## - EDITION STATEMENT
Edition statement 4
260 ## - PUBLICATION, DISTRIBUTION, ETC.
Place of publication, distribution, etc. Kolkata
Name of publisher, distributor, etc. Eastern Law House
Date of publication, distribution, etc. 2018
300 ## - PHYSICAL DESCRIPTION
Extent 1135p.
942 ## - ADDED ENTRY ELEMENTS (KOHA)
Koha item type Textbook
Source of classification or shelving scheme
999 ## -
-- 1312060
-- 1312060
Holdings
Withdrawn status Lost status Damaged status Not for loan Home library Current library Date acquired Source of acquisition Cost, normal purchase price Inventory number Total checkouts Full call number Barcode Date last seen Price effective from Koha item type
        Integrated Law Course library Integrated Law Course library 7-03-24 Apple Books 1845.00 008 dt.03-07-2024   Z2,2674 Q7 IL1863220 2025-05-06 2025-05-06 Textbook
        Integrated Law Course library Integrated Law Course library 7-03-24 Apple Books 1845.00 008 dt.03-07-2024   Z2,2674 Q7 IL1863221 2025-05-06 2025-05-06 Textbook
Copyright @ Delhi University Library System